书目信息 |
| 题名: |
人才篇
|
|
| 作者: | 张震 , 王小夫 著 | |
| 分册: | ||
| 出版信息: | 沈阳 辽宁人民出版社 1983 |
|
| 页数: | 158页 | |
| 开本: | 18cm | |
| 丛书名: | 青年成才之友丛书 | |
| 单 册: | ||
| 中图分类: | C96 | |
| 科图分类: | ||
| 主题词: | 人才学 | |
| 电子资源: | ||
| ISBN: | ||
| 000 | 00688nam2 2200265 45 | |
| 001 | 0183003109 | |
| 005 | 20050606095208.8 | |
| 010 | @dCNY0.48 | |
| 091 | @a3090.686 | |
| 100 | @a19950626d1983 em y0chiy0121 ea | |
| 101 | 0 | @achi |
| 102 | @aCN@b210000 | |
| 105 | @ay z 000yy | |
| 200 | 10 | @a人才篇@Aren cai pian@f张震,王小夫著@FZhang Zhen,Wang Xiao Fu Zhu |
| 210 | @a沈阳@c辽宁人民出版社@d1983 | |
| 215 | @a158页@d18cm | |
| 225 | 2 | @a青年成才之友丛书 |
| 410 | 0 | @120010@a青年成才之友丛书 |
| 606 | 0 | @a人才学 |
| 690 | @aC96@v3 | |
| 701 | 0 | @a张震@4著 |
| 701 | 0 | @a王小夫@4著 |
| 801 | 0 | @aCN@b上海图书馆@c20040430 |
| 801 | 2 | @aCN@bNLC@c20040430 |
| 905 | @dC96@e1@f1@b99324 | |
| 人才篇/张震,王小夫著.-沈阳:辽宁人民出版社,1983 |
| 158页;18cm.-(青年成才之友丛书) |
| ISBN :CNY0.48 |
| ● |
| 相关链接 |
|
|
|
|
正题名:人才篇
索取号:C96/1
 
预约/预借
| 序号 | 登录号 | 条形码 | 馆藏地/架位号 | 状态 | 备注 |
| 1 | 0099322 | 001023172 | 密集书库/ [索取号:C96/1] | 在馆 | |
| 2 | 0099323 | 000957904 | 密集书库/ [索取号:C96/1] | 在馆 | |
| 3 | 0099324 | 001023163 | 第一样本阅览室/ [索取号:C96/1] | 在馆 | |
| 4 | 0175727 | 001023154 | 密集书库/ [索取号:C96/1] | 在馆 | |
| 5 | 0175728 | 001023145 | 密集书库/ [索取号:C96/1] | 在馆 | |
| 6 | 0175729 | 001023136 | 密集书库/ [索取号:C96/1] | 在馆 |